00787nam a22002297a 4500003000500000005001700005008004100022010001000063011001000073035001000083040000900093100002900102245014200131260004000273300001000313502007800323650002900401650002800430650003700458650002700495650003500522CHAP20220329134515.0971013s1995 r 00010 d a21348 a22320 a26414 cCHAP00aPacheco Reyes, Salvador. aEfecto de la fertilización edáfica, foliar nitrogenada e inoculación en frijol [Phaseolus vulgaris L.] bajo condiciones de temporal aChapingo, Méx. :bEl autor,c1995 a73 h. aTesis [Ing. Agr. Esp. en Fitotecnia ] -- UACH. Departamento de Fitotecnia14aAgricultura de temporal.14aFertilización foliar.14aFertilizantesxEfecto en frijol.14aFrijolxInoculación.14aNitrógenoxEfecto en frijol.